01237nam a22003257a 4500003000400000005001700004008004100021040002200062082001500084100002800099245001400127260004200141300002000183366000800203490002000211505002600231505006400257505005200321505006500373505004700438505005600485505002800541505006500569505004800634650004300682650004700725650004700772650004600819650004600865OSt20230607081329.0221006b |||||||| |||| 00| 0 eng d cBiblioteca Lado V a800bP419m aPeña, Alfonsoeeditor aMaterika/ aCosta RicabEdiciones Andromedac2002 c15.5x21cma60p. espa a4v2x1409-3693 aPoemasrMario Camacho aJulio Cortazar y la rabdomancia artísticarMarcy Schwartz aElla estaba donde no se sabia rFroilan Escobar aJose Luis cuevas artista de las letrasrMiguel Angel Muñoz aLas flores de la tia lilirEduardo D'Bosco aLa artista La evangelizacion rPatricia Highsmith aPublicaciones Recibidas aLa cartografía literaria de Saul IbargoyenrAglae Margalli aLos perros de donde rMyriam Bustos Arratia 2Tesauro de Arte & ArquitecturaaPOESIA 2Tesauro de Arte & ArquitecturaaENTREVISTA 2Tesauro de Arte & ArquitecturaaLITERATURA 2Tesauro de Arte & ArquitecturaaNARRATIVA 2Tesauro de Arte & ArquitecturaaESPAÑOL